| 000 | 01395cam a2200397 a 4500 | ||
|---|---|---|---|
| 001 | 17675817 | ||
| 003 | Nust- CAS-E | ||
| 005 | 20180118181402.0 | ||
| 008 | 130327s2012 gw a b 001 0 eng d | ||
| 010 | _a 2012538999 | ||
| 015 |
_aGBB2A8073 _2bnb |
||
| 020 | _a9783527332465 | ||
| 020 | _a3527332464 | ||
| 020 | _a9783527659630 | ||
| 020 | _a9783527659623 | ||
| 020 | _a9783527659616 (mobi) | ||
| 020 | _a9783527659609 (oBook) | ||
| 035 | _a(OCoLC)ocn818734779 | ||
| 040 |
_aStDuBDS _beng _cCUD _dOCLCO _dYDXCP _dBTCTA _dCDX _dBWX _dUOH _dDLC |
||
| 042 | _alccopycat | ||
| 050 | 0 | 0 |
_aTJ812.7 _b.P659 2012 |
| 082 | 0 | 4 |
_a621.47 _223 _bPOL 2012 |
| 245 | 0 | 0 |
_aPolymeric materials for solar thermal applications / _cedited by Michael Köhl ... [et al.]. |
| 260 |
_aWeinheim : _bWiley-VCH, _cc2012. |
||
| 300 |
_axxiii, 393 p. : _bill. (some col.) ; _c25 cm. |
||
| 500 | _a"Solar Heating and Cooling"--Cover. | ||
| 504 | _aIncludes bibliographical references and index. | ||
| 650 | 0 |
_aSolar collectors _xMaterials. |
|
| 650 | 0 |
_aPolymers _xElectric properties. |
|
| 650 | 0 |
_aPolymers _xIndustrial applications. |
|
| 700 | 1 |
_aKöhl, Michael, _cDr. |
|
| 710 | 2 |
_aInternational Energy Agency. _bSolar Heating and Cooling Programme. |
|
| 906 |
_a7 _bcbc _ccopycat _d2 _encip _f20 _gy-gencatlg |
||
| 942 |
_2ddc _cBK |
||
| 999 |
_c355459 _d355459 |
||